The Golden Book of the Holy Vedas (Record no. 10911)
[ view plain ]
| 000 -LEADER | |
|---|---|
| fixed length control field | 00370nam a22001457a 4500 |
| 003 - CONTROL NUMBER IDENTIFIER | |
| control field | OSt |
| 008 - FIXED-LENGTH DATA ELEMENTS--GENERAL INFORMATION | |
| fixed length control field | 210814b ||||| |||| 00| 0 eng d |
| 082 ## - DEWEY DECIMAL CLASSIFICATION NUMBER | |
| Classification number | 294.5921 |
| Item number | MAG |
| 100 G# - MAIN ENTRY--PERSONAL NAME | |
| Personal name | MACDONELL, A.A. |
| 245 ## - TITLE STATEMENT | |
| Title | The Golden Book of the Holy Vedas |
| 260 ## - PUBLICATION, DISTRIBUTION, ETC. (IMPRINT) | |
| Place of publication, distribution, etc | Delhi |
| Name of publisher, distributor, etc | Vijay Goel English Hindi Publisher |
| Date of publication, distribution, etc | 2016 |
| 300 ## - PHYSICAL DESCRIPTION | |
| Extent | 237 |
| 650 ## - SUBJECT ADDED ENTRY--TOPICAL TERM | |
| Topical term or geographic name as entry element | Religious |
| 942 ## - ADDED ENTRY ELEMENTS (KOHA) | |
| Source of classification or shelving scheme | Dewey Decimal Classification |
| Koha item type | Text Books |
| Withdrawn status | Lost status | Source of classification or shelving scheme | Damaged status | Not for loan | Collection code | Home library | Current library | Date acquired | Source of acquisition | Currency | Cost, normal purchase price | Bill Number | Total Checkouts | Full call number | Acc. no. / Barcode | Checked out | Date last seen | Date last borrowed | Actual Cost, discounted price | Bill Date | Koha item type | Public note |
|---|---|---|---|---|---|---|---|---|---|---|---|---|---|---|---|---|---|---|---|---|---|---|
| Dewey Decimal Classification | GENERAL | PIET C-LIBRARY | PIET C-LIBRARY | 03/09/2021 | Shri Radhe Dharmik Pustak Bhandar | IN Rupees | 895.00 | 1037 | 1 | 294.5921 MAG | 33163 | 03/03/2025 | 13/08/2024 | 13/08/2024 | 805.50 | 03/09/2021 | Text Books | Religious |